The name game / Beth O'Leary.
Available copies
- 1 of 2 copies available at LARL/NWRL Consortium.
- 1 of 2 copies available at Lake Agassiz Regional Library. (Show preferred library)
Current holds
0 current holds with 2 total copies.
Show Only Available Copies
| Location | Call Number / Copy Notes | Barcode | Shelving Location | Status | Due Date |
|---|---|---|---|---|---|
| Barnesville Public Library | OLE (Text) | 33500014383871 | New | Available | - |
| Breckenridge Public Library | OLE (Text) | 33500014383863 | New | Checked out | 07/01/2026 |
Record details
- ISBN: 9798217190676
- Physical Description: 366 pages ; 21 cm
- Edition: First edition.
- Publisher: New York : Berkley Romance, 2026.
Content descriptions
| Summary, etc.: | "Charlie couldn't be happier to take the job of ... Read More |
Search for related items by subject
| Genre: | Love stories. Fiction. Romance fiction. Epistolary fiction. Novels. |
| LDR | 03466cam a22006378i 4500 | ||
|---|---|---|---|
| 001 | 485943 | ||
| 003 | LARL_NWRL_CONSORTIUM | ||
| 005 | 20260527134933.0 | ||
| 008 | 260114s2026 nyu e 000 f eng | ||
| 010 | . | ‡a 2025041223 | |
| 040 | . | ‡aDLC ‡beng ‡erda ‡cDLC ‡dOCLCO ‡dIG# ‡dOCLCO ‡dHBP ‡dJBL ‡dIUK ‡dMWD ‡dINO ‡dEB$ ‡dIMT ‡dOCLCO ‡dTWA | |
| 020 | . | ‡a9798217190676 ‡q(trade paperback) | |
| 020 | . | ‡z9798217190683 ‡q(ebook) | |
| 035 | . | ‡a(OCoLC)1528537062 | |
| 042 | . | ‡apcc | |
| 082 | 0 | 4. | ‡a823/.92 ‡223 |
| 100 | 1 | . | ‡aO'Leary, Beth, ‡eauthor. ‡4aut ‡4http://id.loc.gov/vocabulary/relators/aut ‡1https://id.oclc.org/worldcat/entity/E39PBJrrCXwhjdy8TGYHxQ9hpP ‡1http://id.loc.gov/rwo/agents/n2019005965 |
| 245 | 1 | 4. | ‡aThe name game / ‡cBeth O'Leary. |
| 250 | . | ‡aFirst edition. | |
| 264 | 1. | ‡aNew York : ‡bBerkley Romance, ‡c2026. | |
| 300 | . | ‡a366 pages ; ‡c21 cm | |
| 334 | . | ‡asingle unit ‡bmono ‡0http://id.loc.gov/vocabulary/issuance/mono | |
| 336 | . | ‡atext ‡btxt ‡2rdacontent ‡0http://id.loc.gov/vocabulary/contentTypes/txt | |
| 337 | . | ‡aunmediated ‡bn ‡2rdamedia ‡0http://id.loc.gov/vocabulary/mediaTypes/n | |
| 338 | . | ‡avolume ‡bnc ‡2rdacarrier ‡0http://id.loc.gov/vocabulary/carriers/nc | |
| 520 | . | ‡a"Charlie couldn't be happier to take the job of farm shop manager on the remote, wild Isle of Ormer. She's grieving, a little lost, and in desperate need of a new beginning. Jones has come out of a difficult breakup and is looking forward to some peace away from the noise of his city life. Moving to Ormer couldn't have come at a better time. But when Charlie Jones and, ahem, Charlie Jones both turn up at Ormer's one and only farm shop, claiming to have been offered the role of manager, everyone is baffled. How could this have happened? And just who is the real Charlie Jones?"-- ‡cBack cover. | |
| 650 | 0. | ‡aFarm managers ‡vFiction. | |
| 650 | 0. | ‡aMistaken identity ‡vFiction. ‡0(LARL_NWRL_CONSORTIUM)166232 | |
| 650 | 0. | ‡aIsland life ‡vFiction. | |
| 650 | 0. | ‡aApplications for positions ‡vFiction. | |
| 650 | 0. | ‡aMan-woman relationships ‡vFiction. ‡0(LARL_NWRL_CONSORTIUM)165985 | |
| 650 | 0. | ‡aNames, Personal ‡vFiction. | |
| 650 | 7. | ‡aIdentity ‡vFiction. ‡2sears | |
| 650 | 7. | ‡aMan-woman relationship ‡vFiction. ‡2sears | |
| 655 | 7. | ‡aLove stories. ‡2gsafd | |
| 655 | 7. | ‡aFiction. ‡2lcgft | |
| 655 | 7. | ‡aRomance fiction. ‡2lcgft | |
| 655 | 7. | ‡aEpistolary fiction. ‡2lcgft | |
| 655 | 7. | ‡aNovels. ‡2lcgft | |
| 758 | . | ‡1http://id.loc.gov/resources/instances/in00024410737 | |
| 758 | . | ‡4http://id.loc.gov/ontologies/bibframe/instanceOf ‡1http://id.loc.gov/resources/works/in00024410737 | |
| 776 | 0 | 8. | ‡iOnline version ‡4http://id.loc.gov/entities/relationships/onlineversion ‡aO'Leary, Beth ‡tName game ‡bFirst edition ‡dNew York : Berkley Romance, 2026 ‡z9798217190683 ‡w(DLC) 2025041224 |
| 884 | . | ‡aDLC bibframe2marc v3.1-dev ‡g20260114 ‡qDLC ‡uhttps://github.com/lcnetdev/bibframe2marc/tree/v3.1-dev | |
| 901 | . | ‡a485943 ‡bOCoLC ‡c485943 ‡tbiblio ‡sIngram On-Order | |

Add to basket
Permalink
Disable Highlighting